| 000 | 00763cam a22002653a 4500 | ||
|---|---|---|---|
| 001 | 22382 | ||
| 003 | PGUSA | ||
| 005 | 20140828083457.0 | ||
| 008 | 070823s2007||||xxu|||||s|||||000 p eng d | ||
| 040 |
_aPGUSA _beng |
||
| 042 | _adc | ||
| 050 | 4 | _aPA | |
| 100 | 1 |
_aHomer, _d-750--650 |
|
| 245 | 1 | 4 |
_aThe Iliad of Homer (1873) _h[electronic resource] / _cHomer |
| 260 |
_bProject Gutenberg, _c2007 |
||
| 506 | _aPublic domain in the USA. | ||
| 516 | _aElectronic text | ||
| 653 | _aEpic poetry, Greek -- Translations into English | ||
| 653 | _aTrojan War | ||
| 653 | _aAchilles (Greek mythology) | ||
| 700 | 1 |
_aBuckley, Theodore Alois, _d1825-1856 |
|
| 830 | 0 |
_aProject Gutenberg _v22382 |
|
| 856 | 4 | 0 | _uhttp://www.gutenberg.org/ebooks/22382 |
| 942 | _cEB | ||
| 999 |
_c251637 _d251637 |
||